Pilates para la Tercera Edad

Αποθηκεύτηκε σε:
Λεπτομέρειες βιβλιογραφικής εγγραφής
Κύριος συγγραφέας: Pedregal Canga, Manuel
Μορφή: Ηλεκτρονική πηγή Ηλ. βιβλίο
Γλώσσα:Spanish
Έκδοση: Badalona : Paidotribo, 2021.
Σειρά:Tercera Edad Ser.
Θέματα:
Διαθέσιμο Online:EBSCOhost
Ετικέτες: Προσθήκη ετικέτας
Δεν υπάρχουν, Καταχωρήστε ετικέτα πρώτοι!

MARC

LEADER 00000cam a2200000Mu 4500
001 on1241449376
003 OCoLC
005 20211209213023.0
006 m d
007 cr cnu---unuuu
008 210313s2021 xx o ||| 0 spa d
040 |a EBLCP  |b eng  |c EBLCP  |d N$T 
020 |a 8499109489 
020 |a 9788499109480  |q (electronic bk.) 
035 |a 2763668  |b (N$T) 
035 |a (OCoLC)1241449376 
050 4 |a RA781.4 
082 0 4 |a 613.7192  |2 23 
049 |a MAIN 
100 1 |a Pedregal Canga, Manuel. 
245 1 0 |a Pilates para la Tercera Edad  |h [electronic resource]. 
260 |a Badalona :  |b Paidotribo,  |c 2021. 
300 |a 1 online resource (332 p.). 
490 1 |a Tercera Edad Ser. 
500 |a Description based upon print version of record. 
590 |a Added to collection customer.56279.3 
650 0 |a Pilates method. 
655 4 |a Electronic books. 
776 0 8 |i Print version:  |a Pedregal Canga, Manuel  |t Pilates para la Tercera Edad  |d Badalona : Paidotribo,c2021  |z 9788499109398 
830 0 |a Tercera Edad Ser. 
856 4 0 |3 EBSCOhost  |u https://search.ebscohost.com/login.aspx?direct=true&scope=site&db=nlebk&db=nlabk&AN=2763668 
938 |a ProQuest Ebook Central  |b EBLB  |n EBL6510728 
938 |a EBSCOhost  |b EBSC  |n 2763668 
994 |a 92  |b N$T